000
00329nam a2200145Ia 4500
100
_a
Marathe/ Shalini
650
_a
Electrical Engineering
942
_c
BK
654
_a
Radio
245
_a
Radio problems simplified
260
_b
Mrs. shalini marathe
_a
Bombay
_c
1979
082
_a
621.38
300
_a
179
546
_a
ENGLISH
999
_c
30682
_d
30682